Quick Pick: 3-Letter U Words Quiz Stats

 Plays Quiz not verified by Sporcle

Challenge
Share
Tweet
Embed
Score 0/10 Timer 01:00
0 Plays Today
% Correct
ugh
96.6%
urn
95.2%
ump
94.2%
uke
93.8%
use
87.5%
urd
81.7%
Ute
81.7%
Ulm
81.7%
Uri
64.4%
Ufa
54.3%

You're not logged in!

Compare scores with friends on all Sporcle quizzes.
OR
Log In

You Might Also Like...

Show Comments

Extras

Top Quizzes Today


Score Distribution

Your Account Isn't Verified!

In order to create a playlist on Sporcle, you need to verify the email address you used during registration. Go to your Sporcle Settings to finish the process.

Report this User

Report this user for behavior that violates our Community Guidelines.

Details: